[Event "Kiev Shystarev Memorial 1st"]
[Site "Kiev"]
[Date "2020.08.28"]
[Round "5"]
[White "Cherniavsky, Yury"]
[Black "Bashirov, Kemal"]
[Result "1/2-1/2"]
[WhiteElo "1564"]
[BlackElo "1762"]
[PlyCount "53"]
[EventDate "2020.08.25"]
[EventType "swiss"]
[EventRounds "9"]
[EventCountry "UKR"]
[SourceTitle "EXT 2022"]
[Source "ChessBase"]
[SourceDate "2021.10.06"]
[SourceVersion "1"]
[SourceVersionDate "2021.10.06"]
[SourceQuality "1"]

1. Nf3 d5 2. d4 Nf6 3. c4 e6 4. Bg5 Be7 5. Nc3 0-0 6. e3 Nbd7 7. cxd5 exd5 8. Bd3 c6 9. 0-0 Re8 10. Rc1 Nf8 11. Ne5 N6d7 12. Bxe7 Rxe7 13. Nxd7 Bxd7 14. b4 a6 15. a4 Re6 16. Qf3 Qe7 17. b5 axb5 18. axb5 Rf6 19. Qg3 Ra3 20. Qc7 Qd6 21. Qxb7 Rh6 22. g3 Qe6 23. h4 Rxh4 24. gxh4 Qg4+ 25. Kh2 Qxh4+ 26. Kg1 Qg4+ 27. Kh2 1/2-1/2

[Event "Kiev Shystarev Memorial 1st"]
[Site "Kiev"]
[Date "2020.08.26"]
[Round "2"]
[White "Cherniavsky, Yury"]
[Black "Grineva, Marianna"]
[Result "1/2-1/2"]
[WhiteElo "1564"]
[BlackElo "2002"]
[PlyCount "189"]
[EventDate "2020.08.25"]
[EventType "swiss"]
[EventRounds "9"]
[EventCountry "UKR"]
[SourceTitle "EXT 2022"]
[Source "ChessBase"]
[SourceDate "2021.10.06"]
[SourceVersion "1"]
[SourceVersionDate "2021.10.06"]
[SourceQuality "1"]

1. Nf3 d6 2. d4 f5 3. g3 Nf6 4. c4 g6 5. Bg2 Bg7 6. Qb3 c6 7. 0-0 a5 8. a4 Na6 9. Rd1 Qc7 10. Bf4 Nh5 11. Be3 0-0 12. d5 f4 13. Bb6 Qd7 14. Nd4 Bxd4 15. Bxd4 c5 16. Bc3 fxg3 17. hxg3 Qf5 18. Be1 Nb4 19. Na3 Bd7 20. Rac1 Nf6 21. f3 g5 22. Nc2 Qe5 23. Bf1 Rf7 24. Kg2 Qf5 25. Kg1 Qg6 26. Rd2 h5 27. e4 g4 28. Nxb4 axb4 29. Bg2 gxf3 30. Qxf3 Ng4 31. Qe2 Rxa4 32. b3 Ra3 33. Rb1 Rf8 34. Ra2 Rxa2 35. Qxa2 b5 36. Qa7 Ne5 37. cxb5 Bxb5 38. Qxe7 Bd7 39. Ra1 Re8 40. Qh4 Bg4 41. Bd2 Bf3 42. Qg5 Qxg5 43. Bxg5 Bxg2 44. Kxg2 Nf7 45. Bf4 Rxe4 46. Ra8+ Kg7 47. Ra7 Rd4 48. Bxd6 Rxd5 49. Be7 Rd3 50. Bxc5 Rxb3 51. Rb7 Rb2+ 52. Kf3 Kg6 53. Rb6+ Kf5 54. Rxb4 Ne5+ 55. Ke3 Rxb4 56. Bxb4 Kg4 57. Be1 Nf3 58. Bf2 Nh2 59. Be1 Nf1+ 60. Kf2 Nxg3 61. Kg2 Nf5 62. Bf2 Ne7 63. Bc5 Ng6 64. Be3 h4 65. Kh2 Ne5 66. Bb6 Nf3+ 67. Kh1 Nd2 68. Bf2 h3 69. Bb6 Nf1 70. Bc7 Nd2 71. Bb8 Ne4 72. Bc7 Nf6 73. Kh2 Nd5 74. Bb8 Ne3 75. Kg1 Kh4 76. Bc7 Ng4 77. Kh1 Kg5 78. Bg3 Kf5 79. Kg1 Ke4 80. Bc7 Kf3 81. Bd6 Ne3 82. Bc7 Kg4 83. Bd6 Nf5 84. Bc7 Nd4 85. Bd6 Nf3+ 86. Kh1 Kf5 87. Bg3 Ke4 88. Bc7 Ke3 89. Bb6+ Ke2 90. Bc7 Kf2 91. Bb6+ Kf1 92. Bc7 Ke2 93. Bd6 Ng5 94. Kh2 Ne4 95. Kxh3 1/2-1/2